State we're in (Record no. 621940)

MARC details
000 -LEADER
fixed length control field 00975nam a2200289Ia 4500
003 - CONTROL NUMBER IDENTIFIER
control field OSt
005 - DATE AND TIME OF LATEST TRANSACTION
control field 20220926012148.0
008 - FIXED-LENGTH DATA ELEMENTS--GENERAL INFORMATION
fixed length control field 220923b |||||||| |||| 00| 0 eng d
020 ## - INTERNATIONAL STANDARD BOOK NUMBER
International Standard Book Number 9781785332241
037 ## - SOURCE OF ACQUISITION
Terms of availability General Book
040 ## - CATALOGING SOURCE
Original cataloging agency RTL
Transcribing agency RTL
Language of cataloging eng
041 ## - LANGUAGE CODE
Source of code eng
Language code of text/sound track or separate title eng
100 ## - MAIN ENTRY--PERSONAL NAME
Personal name COOK Joanna
9 (RLIN) 315673
245 #0 - TITLE STATEMENT
Title State we're in
Remainder of title Reflecting on democracy's troubles Vol.3.
260 ## - PUBLICATION, DISTRIBUTION, ETC.
Place of publication, distribution, etc. New York
Name of publisher, distributor, etc. Berghahn
Date of publication, distribution, etc. 2016
300 ## - PHYSICAL DESCRIPTION
Extent Viii, 220p.
Dimensions cm.
490 ## - SERIES STATEMENT
Series statement Management and Industrial Engineering
500 ## - GENERAL NOTE
General note Bibliography chapterwise
650 ## - SUBJECT ADDED ENTRY--TOPICAL TERM
Topical term or geographic name entry element Sociology
700 ## - ADDED ENTRY--PERSONAL NAME
Personal name LONG Nicholas J
9 (RLIN) 315674
700 ## - ADDED ENTRY--PERSONAL NAME
Personal name MOORE Henrietta
9 (RLIN) 315675
942 ## - ADDED ENTRY ELEMENTS (KOHA)
Classification part Y9(W6), Q6
Koha item type General Books
Source of classification or shelving scheme Colon Classification (CC)
Holdings
Withdrawn status Lost status Damaged status Not for loan Home library Current library Date acquired Source of acquisition Cost, normal purchase price Total Checkouts Full call number Barcode Date last seen Cost, replacement price Price effective from Koha item type
        Ratan Tata Library Ratan Tata Library 2022-09-26 8528, 17/01/2019, Efficient Book Distributors 6154.62   Y9(W6) Q6 RT1501448 2022-09-26 6154.62 2022-09-26 General Books
Copyright @ Delhi University Library System